[Event "Kochan Memorial op 17th"]
[Site "Koszalin"]
[Date "2006.08.12"]
[Round "9"]
[White "Paszkiewicz, Sebastian"]
[Black "Jakubiec, Edyta"]
[Result "1-0"]
[WhiteElo "2222"]
[BlackElo "2213"]
[PlyCount "61"]
[EventDate "2006.08.04"]
[EventType "swiss"]
[EventRounds "10"]
[EventCountry "POL"]
[SourceTitle "CBM 113 Extra"]
[Source "ChessBase"]
[SourceDate "2006.09.14"]
[SourceVersion "1"]
[SourceVersionDate "2006.09.14"]
[SourceQuality "1"]

1. d4 Nf6 2. Nf3 e6 3. g3 c5 4. Bg2 Nc6 5. 0-0 d5 6. c4 dxc4 7. Ne5 Nxe5 8. dxe5 Qxd1 9. Rxd1 Nd7 10. f4 Rb8 11. a4 Be7 12. Na3 0-0 13. Nxc4 Rd8 14. a5 Nf8 15. Rxd8 Bxd8 16. Nd6 b6 17. axb6 axb6 18. Bc6 f6 19. exf6 Bxf6 20. Ra2 Bd7 21. Bf3 b5 22. Ne4 Bd8 23. Be3 Bb6 24. Ra1 c4 25. Kf2 Kf7 26. Ra6 Bxe3+ 27. Kxe3 Ke7 28. Kd4 Rc8 29. Kc3 Rc7 30. Kb4 e5 31. Nc3 1-0

[Event "Kochan Memorial op 17th"]
[Site "Koszalin"]
[Date "2006.08.10"]
[Round "7"]
[White "Paszkiewicz, Sebastian"]
[Black "Kanarek, Marcel"]
[Result "0-1"]
[WhiteElo "2222"]
[BlackElo "2190"]
[PlyCount "76"]
[EventDate "2006.08.04"]
[EventType "swiss"]
[EventRounds "10"]
[EventCountry "POL"]
[SourceTitle "CBM 113 Extra"]
[Source "ChessBase"]
[SourceDate "2006.09.14"]
[SourceVersion "1"]
[SourceVersionDate "2006.09.14"]
[SourceQuality "1"]

1. d4 Nf6 2. f4 d5 3. e3 Bf5 4. Bd3 e6 5. Nf3 Be7 6. 0-0 0-0 7. c4 Bxd3 8. Qxd3 c5 9. b3 Nc6 10. Bb2 Qb6 11. Nbd2 cxd4 12. exd4 dxc4 13. Nxc4 Qd8 14. a3 Rc8 15. f5 exf5 16. Qxf5 Qd5 17. Qf4 b5 18. Ncd2 Na5 19. Rae1 Bd6 20. Qh4 Rc2 21. Ba1 Ra2 22. Re3 Qh5 23. Bc3 Qxh4 24. Nxh4 Rxa3 25. Nf5 Nd5 26. Ref3 Nxc3 27. Nxd6 Ne2+ 28. Kh1 Nxd4 29. Rd3 Nac6 30. Re3 f6 31. h4 a5 32. Rc1 Ne5 33. Rh3 Ng4 34. Rf1 Ne5 35. h5 a4 36. Rb1 Ra2 37. N2e4 axb3 38. Nc3 b4 0-1

[Event "Kochan Memorial op 17th"]
[Site "Koszalin"]
[Date "2006.08.08"]
[Round "5"]
[White "Paszkiewicz, Sebastian"]
[Black "Tofil, Borys"]
[Result "1-0"]
[WhiteElo "2222"]
[BlackElo "2003"]
[PlyCount "103"]
[EventDate "2006.08.04"]
[EventType "swiss"]
[EventRounds "10"]
[EventCountry "POL"]
[SourceTitle "CBM 113 Extra"]
[Source "ChessBase"]
[SourceDate "2006.09.14"]
[SourceVersion "1"]
[SourceVersionDate "2006.09.14"]
[SourceQuality "1"]

1. d4 Nf6 2. Nf3 e6 3. g3 c5 4. Bg2 Nc6 5. 0-0 b6 6. c4 Bb7 7. Nc3 Na5 8. b3 d5 9. dxc5 Bxc5 10. cxd5 Nxd5 11. Nxd5 Qxd5 12. Bd2 Nc6 13. Ng5 Qd7 14. b4 Bd4 15. Rc1 h6 16. b5 Nd8 17. Nf3 Bc5 18. Bc3 Qxd1 19. Rfxd1 f6 20. Bd4 Bxd4 21. Nxd4 Bxg2 22. Kxg2 e5 23. Nf5 0-0 24. Rc7 Rf7 25. Rdd7 Rxd7 26. Rxd7 Nf7 27. a4 Kf8 28. Rb7 e4 29. g4 g6 30. Nd4 Ne5 31. h3 Kg8 32. Nc6 Nc4 33. Rxa7 Rxa7 34. Nxa7 Kf7 35. Kg3 Ke6 36. Kf4 Kd5 37. Nc6 Nb2 38. a5 bxa5 39. Nxa5 Nd1 40. b6 Kd6 41. f3 Nc3 42. fxe4 Nxe2+ 43. Ke3 Nc3 44. Kd4 Ne2+ 45. Kc4 Ng3 46. Kd4 Ne2+ 47. Kc4 Ng3 48. Kd3 h5 49. g5 f5 50. e5+ Kd7 51. e6+ Kxe6 52. b7 1-0

[Event "MK Cafe Cup-B"]
[Site "Koszalin"]
[Date "1997.??.??"]
[Round "2"]
[White "Paszkiewicz, Sebastian"]
[Black "Bukowska, Katarzyna"]
[Result "1-0"]
[WhiteElo "2190"]
[BlackElo "2010"]
[PlyCount "81"]
[EventDate "1997.??.??"]
[EventType "swiss"]
[EventRounds "10"]
[EventCountry "POL"]
[SourceTitle "EXT 2000"]
[Source "ChessBase"]
[SourceDate "1999.11.16"]
[SourceVersion "1"]
[SourceVersionDate "1999.11.16"]
[SourceQuality "1"]

1. d4 d5 2. Nf3 e6 3. g3 Nf6 4. Bg2 Be7 5. 0-0 0-0 6. c4 b6 7. Ne5 Bb7 8. Nc3 Nbd7 9. Bf4 c5 10. cxd5 exd5 11. Rc1 Re8 12. e3 Nxe5 13. Bxe5 Ne4 14. dxc5 Bxc5 15. Bd4 Rc8 16. Nxe4 dxe4 17. Bxc5 bxc5 18. Qxd8 Rexd8 19. Rfd1 g6 20. Bf1 Bd5 21. b3 Be6 22. Ba6 Rb8 23. Kf1 c4 24. Rxd8+ Rxd8 25. Bxc4 Bh3+ 26. Ke1 Rd7 27. Rd1 Rc7 28. Rd4 Bg2 29. Kd2 Bf3 30. b4 Kg7 31. a4 Kf6 32. b5 Bg2 33. a5 Rb7 34. Kc3 Kg5 35. Kb4 Kg4 36. a6 Re7 37. Ka5 Kf3 38. Rd2 Re5 39. Bb3 Bf1 40. Bd1+ Kg2 41. f4+ 1-0

[Event "MK Cafe Cup-B"]
[Site "Koszalin"]
[Date "1997.??.??"]
[Round "10"]
[White "Paszkiewicz, Sebastian"]
[Black "Oliwa, Patryk"]
[Result "1-0"]
[WhiteElo "2190"]
[BlackElo "2150"]
[PlyCount "87"]
[EventDate "1997.??.??"]
[EventType "swiss"]
[EventRounds "10"]
[EventCountry "POL"]
[SourceTitle "EXT 2000"]
[Source "ChessBase"]
[SourceDate "1999.11.16"]
[SourceVersion "1"]
[SourceVersionDate "1999.11.16"]
[SourceQuality "1"]

1. d4 Nf6 2. Nf3 e6 3. g3 c5 4. Bg2 cxd4 5. 0-0 d5 6. Nxd4 Be7 7. c4 0-0 8. cxd5 Nxd5 9. e4 Nb6 10. Nc3 a6 11. e5 Nc4 12. Re1 Nd7 13. f4 Bc5 14. Nce2 Qb6 15. b3 Na3 16. Kh1 Rd8 17. Qd3 Nf8 18. Bxa3 Bxa3 19. Rad1 Bd7 20. Qe4 Rab8 21. Rf1 Qc7 22. g4 Ng6 23. Rd3 Bb5 24. Nxb5 axb5 25. Rc3 Qa5 26. f5 Nf8 27. f6 g6 28. Rh3 Qb4 29. Qe3 Qd2 30. Qf3 Nd7 31. Rh4 Qg5 32. Qh3 Nf8 33. Be4 Qxe5 34. Ng3 Rd4 35. g5 Qxg5 36. Rg4 Qd2 37. Rff4 Qe1+ 38. Nf1 Nd7 39. Bxg6 fxg6 40. Qh6 Nxf6 41. Rxg6+ hxg6 42. Qxg6+ Kh8 43. Qxf6+ Kh7 44. Rxd4 1-0